000 00353nam a22001337a 4500
040 _cFIZZA ISHAQ
082 _a624.068
_bDEN
100 _aPATRICK, GEORGE MC DENNY.
_986128
245 _aCONSTRUCTION MANAGEMENT /
_cDENNY MC GEORGE PATRICK.
250 _a3rd ED.
260 _aLONDON :
_bJHON WILEY SON,
_c2013.
300 _a300 P. ;
942 _2ddc
_cBK
999 _c587248
_d587248